Statistiques concernant Trouve les paroles - Je l'aime à mourir - Francis Cabrel

Cliquez ici pour prendre le quiz!

Statistiques générales

  • Ce quiz a été pris 434 fois
  • Le résultat moyen est 178 sur 218

Statistiques - réponses

Réponse% Correct
a
99%
à
99%
à
99%
je
99%
Je
99%
et
98%
De
97%
de
97%
du
97%
la
97%
l'aime
97%
le
97%
mourir
97%
ne
97%
Ne
97%
qu'à
97%
Elle
96%
elle
96%
les
96%
ses
96%
tout
95%
Tout
95%
voilà
95%
au
94%
pour
94%
rien
94%
suis
94%
gardien
93%
ma
93%
nuits
93%
vie
93%
sommeil
92%
faire
91%
guerres
91%
n'étais
91%
toutes
91%
aussi
90%
Moi
90%
qu'aujourd'hui
90%
forte
89%
l'amour
89%
aujourd'hui
88%
être
88%
des
87%
Des
87%
en
87%
reconstruire
86%
bras
85%
ce
85%
papier
84%
cocottes
83%
ouvrir
83%
que
83%
vous
83%
Vous
83%
fait
82%
l'espace
82%
pas
82%
plaira
82%
éclats
81%
pouvez
81%
qu'elle
81%
si
81%
mais
79%
qu'il
79%
chaque
78%
dormir
78%
fois
78%
nous
78%
Nous
78%
ciel
77%
rires
77%
détruire
76%
entre
75%
traversons
74%
ponts
73%
quartier
70%
bâti
69%
horloges
69%
me
66%
peut
63%
chiffres
58%
n'aura
58%
dans
57%
rêve
57%
gommé
56%
lui
56%
sa
56%
son
56%
dessine
55%
retenir
55%
j'ai
54%
appartenir
52%
d'essayer
52%
d'opaline
52%
dois
51%
forêts
51%
juste
51%
laisse
51%
milieu
51%
souvent
51%
essayer
50%
s'envoler
50%
tort
50%
danse
49%
mes
49%
mieux
49%
rubans
48%
vit
47%
parler
46%
bois
45%
chante
45%
sabots
44%
sous
43%
clouer
42%
grotte
42%
notes
42%
porte
42%
vouloir
42%
m'asseoir
41%
cachée
40%
toits
40%
monter
38%

Distribution des résultats

Percentile par nombre de réponses

% des personnes avec chaque résultat

Votre développement - résultats

Vous n’avez pas pris ce quiz